Rock and Roll Hall of Fame: Non-Performer Inductees - Statistics

General Stats
  • This quiz has been taken 35 times
    10 since last reset
  • The average score is 23 of 98
Answer Stats
Hint Answer % Correct
1990 Louis Armstrong
80%
1986 Robert Johnson
80%
2000 Billie Holiday
70%
2012 Glyn Johns
70%
1987 Hank Williams
70%
2001 Johnnie Johnson
70%
1989 Bessie Smith
60%
1999 Bob Wills & His Texas Playboys
60%
2022 Jimmy Jam & Terry Lewis
50%
1988 Les Paul
50%
2009 Bill Black
40%
2002 Chet Atkins
40%
1993 Dianah Washington
40%
1987 Louis Jordan
40%
1997 Mahalia Jackson
40%
1989 The Ink Spots
40%
2020 "Time Is on My Side" (Irma Thomas)
40%
2009 Wanda Jackson
40%
2025 Carol Kaye
30%
1990 Charlie Christian
30%
1992 Elmore James
30%
2000 Hal Blaine
30%
1991 Howlin' Wolf
30%
2001 James Burton
30%
2000 James Jamerson
30%
1986 Jimmie Rogers
30%
2022 Judas Priest
30%
1988 Lead Belly
30%
2000 Nat King Cole
30%
2017 Nile Rogers
30%
2015 Ringo Starr
30%
2018 Sister Rosetta Tharpe
30%
1987 T-Bone Walker
30%
2023 Al Kooper
20%
2003 Benny Benjamin
20%
2023 Bernie Taupin
20%
2024 Big Mama Thornton
20%
1997 Bill Monroe
20%
2021 Billy Preston
20%
2012 Cosimo Matassa
20%
2024 Dionne Warwick
20%
2009 D.J. Fontana
20%
2000 Earl Palmer
20%
2012 Freddie King
20%
2022 Harry Belafonte
20%
1998 Jelly Roll Morton
20%
1986 Jimmy Yancey
20%
2021 Kraftwerk
20%
2011 Leon Russell
20%
2021 LL Cool J
20%
2019 "Maybe" (The Chantels)
20%
2025 Nicky Hopkins
20%
1996 Pete Seeger
20%
1992 Professor Longhair
20%
2018 "Rumble" (Link Wray)
20%
2000 Scotty Moore
20%
2019 "Tequila" (The Champs)
20%
2014 The E Street Band
20%
2025 Thom Bell
20%
1988 Woody Guthrie
20%
2020 "Wooly Bully" (Sam the Sham & The Pharaohs)
20%
2024 Alexis Korner
10%
2018 "A Whiter Shade of Pale" (Procol Harem)
10%
2018 "Born to Be Wild" (Steppenwolf)
10%
2023 Chaka Khan
10%
2021 Charley Patton
10%
2023 DJ Kool Herc
10%
2022 Elizabeth Cotton
10%
2003 Floyd Cramer
10%
2021 Gil Scott-Heron
10%
2019 "Gloria" (The Shadows of Knight)
10%
2024 Jimmy Buffett
10%
2024 John Mayall
10%
2000 King Curtis
10%
2019 "Leader of the Pack" (The Shangri-Las)
10%
2023 Link Wray
10%
2008 Little Walter
10%
2018 "Louie Louie" (The Kingsmen)
10%
1990 Ma Rainey
10%
2024 MC5
10%
2019 "Money (That's What I Want)" (Barrett Strong)
10%
2024 Norman Whitfield
10%
2021 Randy Rhoads
10%
2018 "Rocket 88" (Jackie Brenston & His Delta Cats)
10%
2025 Salt-N-Pepa
10%
2020 "Shotgun" (Junior Walker & The All-Stars)
10%
2009 Spooner Oldham
10%
2003 Steve Douglas
10%
2020 "The Letter" (The Box Tops)
10%
1995 The Orioles
10%
2012 Tom Dowd
10%
2019 "Twist and Shout" (The Isley Brothers)
10%
2025 Warren Zevon
10%
2020 "Wild Thing" (The Troggs)
10%
1994 Willie Dixon
10%
2015 The "5" Royals
0%
1989 The Soul Sisters
0%
2018 "The Twist" (Chubby Checker)
0%
No matching quizzes found
Score Distribution
Percent of People with Each Score
Percentile by Number Answered
Your Score History
You have not taken this quiz since the last reset